| 000 | 01112nam a2200325 i 4500 | ||
|---|---|---|---|
| 005 | 20220317001708.0 | ||
| 007 | ta | ||
| 008 | 170328s2013 mx a g 000 0 spa | ||
| 020 | _a9789681685294 | ||
| 040 |
_aCO-BoRNBP _bspa _erda _cCO-BoRNBP |
||
| 041 | 0 | _aspa | |
| 043 | _as-ck--- | ||
| 082 | 0 | 4 |
_a591.473 _bB29p _223 |
| 100 | 1 |
_aBeyer Ruiz, María Emilia, _d1971- , _eautor |
|
| 245 | 1 | 0 |
_aPor qué se esconden? _ctexto de María Emilia Beyer ; ilustrado por Francesca Massai |
| 250 | _aSegunda reimpresión | ||
| 264 | 1 |
_aMéxico _bFondo de Cultura Económica _c2017 |
|
| 300 |
_a[30] páginas _bilustraciones a color _c19 cm |
||
| 336 |
_atexto _btxt _2rdacontent |
||
| 337 |
_asin mediación _bn _2rdamedia |
||
| 338 |
_avolumen _bnc _2rdacarrier |
||
| 490 | _aOjitos pajaritos | ||
| 521 | _aRecomendado desde los 3 años | ||
| 650 | 1 | 7 |
_aAnimales _vHábitos y conducta _2ARMARC |
| 650 | 1 | 7 |
_2ARMARC _aMecanismos de defensa (Zoología) |
| 650 | 1 | 7 |
_aMimetismo (Biología) _2ARMARC |
| 700 | 1 |
_aMassai, Francesca, _eilustrador _9146332 |
|
| 700 | 1 |
_aPasarán, Eliana, _eeditora _9146333 |
|
| 942 |
_2ddc _cBK |
||
| 999 |
_c7788 _d7788 |
||